| 000 | 00416nam a2200181Ia 4500 | ||
|---|---|---|---|
| 001 | 4796 | ||
| 005 | 20260306145821.0 | ||
| 008 | 260306t2015||||xx |||||||||||||| ||spa|| | ||
| 041 | _aESP | ||
| 082 |
_a330.1 _bS17 |
||
| 100 |
_aSala I Martín, Xavier _eAUT |
||
| 245 | 0 | _aEconomía en colors | |
| 260 | _c2015 | ||
| 300 |
_a291 páginas : _c23 cm. |
||
| 650 | _aGEN | ||
| 654 | _aCAN | ||
| 942 |
_cLIB _dJUS _fJUS _2ddc _n |
||
| 999 |
_c4796 _d4796 |
||